Statistics for 2024 Adelaide Airport Destinations

Click here to take the quiz!

General Stats

  • This quiz has been taken 21 times
  • The average score is 16 of 26

Answer Stats

HintAnswer% Correct
Singapore AirlinesSingapore
100%
Air New ZealandAuckland
95%
Qantas, Virgin AustraliaBrisbane
95%
Qatar Airways, Qantas,
Virgin Australia, Jetstar,
REX
Melbourne
95%
Vietjet, Qantas, Virgin Australia,
Jetstar
Perth
95%
Virgin Australia, Jetstar, REX,
Qantas
Sydney
95%
Qatar AirwaysDoha
89%
Malaysia AirlinesKuala Lumpur
89%
Jetstar, Batik AirDenpasar/Bali
84%
QantasCanberra
79%
Qantas, JetstarDarwin
79%
Jetstar, Virgin AustraliaGold Coast
79%
JetstarCairns
68%
Virgin Australia, JetstarHobart
68%
Qantas, Virgin AustraliaAlice Springs
63%
Fiji AirwaysNadi
58%
QantasNewcastle
47%
REXBroken Hill
42%
REX, QantasMount Gambier
26%
AllianceOlympic Dam
26%
Qantas, REXPort Lincoln
26%
QantasWhyalla
26%
QantasKingscote
21%
REXCeduna
16%
REXCoober Pedy
16%
AllianceMoomba
11%

Score Distribution

Percentile by Number Answered

Percent of People with Each Score

Your Score History

You have not taken this quiz